000 01123nam a2200277 a 4500
001 72724
003 BD-RjUL
005 20211209082313.0
008 170522s1963 maua b 001 0 eng d
035 _a(BD-RjUL)72942
040 _aDLC
_cDLC
_dBD-RjUL
_beng
041 _aeng
082 0 0 _223
_a582.130978
_bCRA 1963
100 1 _aCraighead, John J.
_q(John Johnson),
_d1916-2016
_9215115
245 1 2 _aA field guide to Rocky Mountain wildflowers :
_bfrom northern Arizona and New Mexico to British Columbia /
_cby John J. Craighead, Frank C. Craighead, [and] Ray J. Davis. Color plates by the authors. Drawings by Grant O. Hagen and Eduardo Salgado.
260 _aBoston :
_bHoughton Mifflin,
_cc1963.
300 _axxxvi, 277 p. :
_bill. ;
_c19 cm.
490 0 _aThe Peterson field guide series,
_v14
504 _aIncludes bibliographies and indexes.
650 0 _aWild flowers
_zRocky Mountains
_9215116
700 _a Craighead, Frank C.
_qjoint author
_9215117
700 _aDavis, Ray J.
_qjoint author
_9215118
830 _aThe Peterson field guide series,
_v14
_9204866
942 _2ddc
_cBK
999 _c72724
_d72724